Folk literature of the Toba Indians

Gespeichert in:
Bibliographische Detailangaben
Hauptverfasser: Wilbert, Johannes (VerfasserIn), Simoneau, Karin (VerfasserIn)
Format: Buch
Sprache:Englisch
Veröffentlicht: Los Angeles UCLA 1989
Schriftenreihe:UCLA. Latin American Studies, 68
Schlagworte:
Tags: Tag hinzufügen
Keine Tags, Fügen Sie den ersten Tag hinzu!

MARC

LEADER 00000nam a2200000 a 4500
001 UCX3309
003 CL-VaPUC
008 911024e19890000US |||||||||||||||||eng|d
082 0 4 |a 398.2  |b WIL  |2 21 
100 0 |a Wilbert, Johannes  |e author  |9 319446 
700 0 |a Simoneau, Karin  |e author  |9 319447 
245 1 0 |a Folk literature of the Toba Indians 
300 |a 2 v 
942 |c BK 
945 |d 19911024 00:00:00 
260 |a Los Angeles  |b UCLA  |c 1989 
650 7 |a FOLKLORE  |2 CL-VaPUC  |9 268291 
650 7 |a INDIOS DE ARGENTINA LEYENDAS  |2 CL-VaPUC  |9 319448 
651 0 |a Argentina  |9 254888 
583 |a last modification  |c 19911024 00:00:00  |k Rodrigo Vera 
490 0 |a UCLA. Latin American Studies, 68 
999 |c 224105  |d 224103 
952 |0 0  |1 0  |4 0  |6 398_200000000000000_WIL_1989  |7 0  |8 A  |9 220504  |a BIBEDU  |b BIBEDU  |d 2019-11-15  |h v.2  |i 2892103  |o 398.2 WIL 1989  |p 2892103  |r 2019-11-15  |w 2019-11-15  |y BK  |k LIT